000 00476nam a2200169 i 4500
001 29150
003 ES-MaACL
005 20230906154000.0
007 t|
008 030121s1978 sp ||||1| spa d
100 1 _aBardasano Rubio, José Luis.
_925577
245 1 3 _aLa glándula pineal /
_cJosé Luis Bardasano Rubio.
250 _a1ª ed.
260 _aMadrid :
_bH. Blume,
_c[1978]
300 _a207 p., 26 lám. :
_bil. ;
_c21 cm.
852 _aES-MaACL
_jA-9604
_bR.98913
999 _c29150
_d29150